Представление документа в формате RUSMARC

ПолеНазваниеЗначение
  Тип записи a
  Библиографический уровень m
001 Контрольный номер UONB/MAIN/4ddb153388114cccab344937b63ec513
005 Дата корректировки 20260407140038.0
010 Индекс ISBN __
d Цена 67 к.
9 Тираж 27000 экз.
b Уточнения в пер.
100 Данные общей обработки __
a Данные общей обработки 20260407d1974 u y0rusy0189 ca
101 Язык документа 0_
a Язык текста rus
102 Страна публикации __
a Страна публикации RU
105 Кодированные данные (монография) __
a Кодированные данные (монография) y z 000yy
200 Заглавие и сведения об ответственности 1_
a Заглавие Экономика использования удобрений
f Первые сведения об ответственности Н. Н. Баранов, Д. А. Кореньков, Н. Н. Михайлов [и др.]
g Последующие сведения об ответственности под редакцией Н. Н. Баранова
203 Вид содержания и тип средства __
a Вид содержания Текст
b Характеристика содержания визуальный
c Тип средства непосредственный
210 Выходные данные 1_
a Место издания Москва
c Издательство Колос
d Дата издания 1974
215 Физическое описание __
a Объем 319 с.
d Формат 21 см
606 Тематические рубрики 0_
a Основная рубрика Удобрения
x Основная подрубрика Экономическая эффективность
610 Ключевые слова 0_
a Ключевые слова удобрения; экономическая эффективность
675 Индекс УДК __
a Индекс УДК 333
686 Индексы других классификаций __
a Классификационный индекс 65.9(2)325.1я43
701 Альтернативная интеллектуальная ответственность _1
a Фамилия Баранов
b Имя (инициалы) Н. Н.
701 Альтернативная интеллектуальная ответственность _1
a Фамилия Кореньков
b Имя (инициалы) Д. А.
701 Альтернативная интеллектуальная ответственность _1
a Фамилия Михайлов
b Имя (инициалы) Н. Н.
701 Альтернативная интеллектуальная ответственность _1
a Фамилия Михайлов
b Имя (инициалы) Н. Н.
702 Вторичная интеллектуальная ответственность _1
a Фамилия Баранов
b Имя (инициалы) Н. Н.
4 Код отношения 340
801 Источник записи _0
a Страна RU
b Организация Ульяновская ОНБ
c Дата составления 20260407
g Правила каталогизации RCR
801 Источник записи _1
a Страна RU
b Организация Ульяновская ОНБ
c Дата составления 20260407
g Правила каталогизации RCR
901 Тип документа __
t Тип документа m
909 Создатель записи __
a Создатель записи Кадыкова
b Дата создания записи 20260407